| 000 | 00440nam a2200181Ia 4500 | ||
|---|---|---|---|
| 001 | 9558 | ||
| 005 | 20260306161727.0 | ||
| 008 | 260306t2006||||xx |||||||||||||| ||spa|| | ||
| 041 | _aESP | ||
| 082 |
_a382.0985 _bT ej. 1 |
||
| 100 |
_aGonzáles Vigil, Fernando _eAUT |
||
| 245 | 0 | _aTópicos de negociaciones comerciales internacionales | |
| 260 | _c2006 | ||
| 300 |
_a _c |
||
| 650 | _aGEN | ||
| 654 | _aCAN | ||
| 942 |
_cLIB _dJUS _fJUS _2ddc _n |
||
| 999 |
_c9558 _d9558 |
||